000 00623nam a2200205 4500
003 OSt
005 20240723054744.0
006 a
008 240723b |||||||| |||| 00| 0 eng d
020 _a9710489749
040 _aDWCL-Main lib.
_cOC
082 _aFil. 657.837 C117a 2010
100 _aCabrera, Ma. Elenita Balatbat
245 _aAccounting for hotels and restaurants: a user perspective /
260 _aManila :
_bGIC Enterprises & Co., Inc.,
_cc2010.
300 _aix,
_b404p. : ill.;
_c23 cm.
650 _a1. Accounting-Hotels and restaurants
650 _a2. Accounting.
942 _2ddc
_n0
_cBK - FIL
_kFil.
999 _c2599
_d2599